Los estados de excepción constitucional en Chile

Uloženo v:
Podrobná bibliografie
Hlavní autor: Jiménez Larraín, Fernando (Autor)
Médium: Kniha
Jazyk:španělština
Vydáno: Santiago Jurídica de Chile 2010
Vydání:1a. ed
Témata:
Tagy: Přidat tag
Žádné tagy, Buďte první, kdo vytvoří štítek k tomuto záznamu!

MARC

LEADER 00000nam a2200000 a 4500
001 UCG4646
003 CL-VaPUC
008 101118e20100000CL |||||||||||||||||spa|d
020 |a 9789567943418 
082 0 4 |a 342.085  |b JIM  |2 21 
100 |a Jiménez Larraín, Fernando  |e author  |9 767845 
245 1 4 |a Los estados de excepción constitucional en Chile 
250 |a 1a. ed 
300 |a 267 p 
942 |c BK 
945 |d 20101118 00:00:00  |a mfarfan 
260 |a Santiago  |b Jurídica de Chile  |c 2010 
500 |a Este libro es publicado en coedición con la Universidad Católica de la Santísima Concepción, según Convenio de Cooperación y Coedición de Libros Jurídicos, suscrito entre ambas instituciones 
650 7 |a ESTADO DE EXCEPCION  |2 CL-VaPUC  |9 554025 
650 0 |a Derecho constitucional   |9 222588 
650 7 |a ESTADO DE SITIO  |2 CL-VaPUC  |9 256269 
650 0 |a Estado de emergencia  |9 554026 
583 |a last modification  |c 20101118 00:00:00  |k Rodrigo Vera 
999 |c 343317  |d 343315 
952 |0 0  |1 0  |4 0  |6 342_085000000000000_JIM_2010  |7 0  |8 A  |9 440542  |a BIBDER  |b BIBDER  |d 2019-11-22  |i 4735552  |l 1  |m 1  |o 342.085 JIM 2010  |p 4735552  |r 2023-01-25  |s 2022-06-29  |w 2019-11-22  |y BK  |k DER